Handbook of terminology. Volume 3, Legal terminology /

"As a core component of legal language used to draft, enforce, and practice law, legal terms have fascinated lawyers, linguists, terminologists, and other scholars for centuries. Third in the series, this handbook offers a compendium of the current state of knowledge on legal terminology. It br...

Full description

Bibliographic Details
Other Authors: Biel, Łucja, 1974- (Editor), Kockaert, Hendrik (Editor)
Format: eBook
Language:English
Published: Amsterdam ; Philadelphia : John Benjamins Publishing Company, [2023]
Subjects:
Online Access:Connect to the full text of this electronic book
Connect to the full text of this electronic book

MARC

Tag First Indicator Second Indicator Subfields
LEADER 00000cam a2200000 i 4500
001 in00005653321
006 m o d
007 cr unu---mnuuu
008 230925t20232023ne ob 001 0 eng
005 20250729202249.7
010 |a  2023035727 
035 |a (OCoLC)on1401625040 
040 |a DLC  |b eng  |e rda  |e pn  |c DLC  |d OCLCO  |d OCLCF  |d N$T  |d OCLCL  |d GWL  |d OCLCO  |d UAB  |d OCLCO  |d OCLCQ  |d EBLCP  |d DEGRU  |d OCLCQ 
019 |a 1427983421 
020 |a 9789027249388  |q (electronic book ;  |q volume 3) 
020 |a 9027249385  |q (electronic book ;  |q volume 3) 
020 |z 9789027214263  |q (hardcover ;  |q volume 3) 
035 |a (OCoLC)1401625040  |z (OCoLC)1427983421 
042 |a pcc 
050 0 0 |a K50 
049 |a TXAM 
245 0 0 |a Handbook of terminology.  |n Volume 3,  |p Legal terminology /  |c edited by Lucja Biel, University of Warsaw; Hendrik J. Kockaert, KU Leuven. 
246 3 0 |a Legal terminology 
264 1 |a Amsterdam ;  |a Philadelphia :  |b John Benjamins Publishing Company,  |c [2023] 
264 4 |c ©2023 
300 |a 1 online resource (vii, 622 pages) 
336 |a text  |b txt  |2 rdacontent 
337 |a computer  |b c  |2 rdamedia 
338 |a online resource  |b cr  |2 rdacarrier 
500 |a "ISSN 2352-1821." 
504 |a Includes bibliographical references and index. 
505 0 0 |t Frame approach to legal terminology: What may be gained from seeing terminology as manifestation of legal knowledge? /  |r Jan Engberg --  |t Definitions in law across legal cultures and jurisdictions /  |r Anna Jopek-Bosiacka Ordinary meaning in common law legal interpretation /  |r Stephen Mouritsen --  |t Variation of legal terms in monolingual and multilingual contexts: Types, distribution, attitudes and causes /  |r Lucja Biel --  |t The importance of being patterned: Old and new perspectives on legal phraseology /  |r Gianluca Pontrandolfo --  |t Legal terms that travel: Constraints to presenting national legal terminology to international audiences /  |r Katia Peruzzo --  |t Terminological features of the Chinese legal language /  |r Deborah Cao --  |t Bilingual legal terminology in Hong Kong: Past, present and future /  |r Clara Ho-yan Chan & Edmund Cham --  |t How equivalent is equivalence in Arabic‑English legal translation? /  |r Ahmed Alaoui --  |t On the interaction between legal and religious concepts /  |r Lahousseine Id-Youss & Abied Alsulaiman --  |t Legal terminology of the European Union /  |r Colin D. Robertson & Mairtin Mac Aodha --  |t Terminological variation and conceptual divergence in EU Law /  |r Martina Bajcic --  |t Visualizing EU law through meta-concepts and legal formants /  |r Elena Ioriatti --  |t Legal terms, concepts and definitions in the transposition of EU law /  |r Agnieszka Doczekalska --  |t From the domestic to the supranational: The terminology of "expulsion" as used at the European Court of Human Rights /  |r James Brannan --  |t Terminology management and terminology quality assurance in the European Commission's Directorate-General for Translation /  |r Karolina Stefaniak --  |t Measuring the quality of legal terminological decisions in institutional translation: A comparative analysis of adequacy patterns in three settings /  |r Fernando Prieto Ramos & Diego Guzman --  |t EU phraseological verbal patterns in the PETIMOD 2.0 corpus: A NER-enhanced approach /  |r Gloria Corpas Pastor & Fernando Sanchez Rodas --  |t Legal lexicography and legal information tools /  |r Sandro Nielsen --  |t Multilingual legal terminology databases: Workflows and roles /  |r Elena Chiocchetti, Vesna Lusicky, & Tanja Wissik --  |t Machine translation and legal terminology: Data-driven approaches to contextual accuracy /  |r Jeffrey Killman --  |t Automatic term recognition and legal language: A shorter path to the lexical profiling of legal texts? /  |r Maria Jose Marin --  |t The role of Semantic Web technologies in legal terminology /  |r Patricia Martin-Chozas, Elena Montiel-Ponsoda, &Victor Rodriguez-Doncel --  |t Dealing with legal terminology in court interpreting /  |r Mariana Orozco-Jutoran --  |t Legal translator terminology training: Unravelling the mysteries /  |r Catherine Way. 
520 |a "As a core component of legal language used to draft, enforce, and practice law, legal terms have fascinated lawyers, linguists, terminologists, and other scholars for centuries. Third in the series, this handbook offers a compendium of the current state of knowledge on legal terminology. It brings together perspectives from the domains of Terminology, Translation Studies, Linguistics, Law and Information Technology in a single place. This interdisciplinary endeavour comprises systematic reviews, case studies, and research papers which overview key properties of legal terms and concepts, terminological tools and resources, training aspects, as well as translation in national contexts and multilingual organizations. The Handbook attests to the complex multifaceted nature of legal terminology and showcases its cultural, communicative, cognitive, and social contexts in diverse legal systems"--  |c Provided by the publisher. 
588 |a Description based on online resource; title from title screen (viewed May 3, 2024). 
650 0 |a Law  |v Terminology. 
650 0 |a Law  |x Translating. 
650 0 |a Law  |x Language. 
650 6 |a Droit  |x Traduction. 
650 7 |a LANGUAGE ARTS & DISCIPLINES / Linguistics / General.  |2 bisacsh 
650 7 |a Law  |2 fast 
650 7 |a Law  |x Translating  |2 fast 
655 7 |a Electronic books.  |2 local 
655 7 |a Terminology  |2 fast 
700 1 |a Biel, Łucja,  |d 1974-  |e editor.  |1 https://id.oclc.org/worldcat/entity/E39PBJxWTgrpJH7hJGHJpymcfq 
700 1 |a Kockaert, Hendrik,  |e editor.  |1 https://id.oclc.org/worldcat/entity/E39PCjxDKmRBKQc4mYgFcTHhDy 
776 0 8 |i Print version:  |t Handbook of terminology  |d Philadelphia : John Benjamins Publishing Company, 2023  |z 9789027214263  |w (DLC) 2023035726 
856 4 0 |u https://doi.org/10.1075/hot.3  |z Connect to the full text of this electronic book  |t 0 
856 4 0 |u https://www.degruyter.com/openurl?genre=book&isbn=9789027249388  |z Connect to the full text of this electronic book  |t 0 
955 |a John Benjamins Open Access eBooks 
955 |a De Gruyter Open Access ebooks 
994 |a 92  |b TXA 
999 f f |s 30e37dab-ab8c-4c3e-a459-e34a426b5f1c  |i 6bc61bb8-e556-41ed-b62b-3fb83251f06b  |t 0 
952 f f |a Texas A&M University  |b College Station  |c Electronic Resources  |d Available Online  |t 0  |e K50   |h Library of Congress classification 
998 f f |a K50   |t 0  |l Available Online